| 000 | 00920cam a2200217 a 4500 | ||
|---|---|---|---|
| 001 | 000018340 | ||
| 005 | 20200929165449.0 | ||
| 008 | 710114s1969 xxc 000 1 eng d | ||
| 040 |
_aDO-SdBNP _bspa _cBNPHU |
||
| 100 | 1 |
_aHaliburton, Thomas Chandler, _d1796-1865 _939723 |
|
| 245 | 1 | 4 |
_aThe Sam Slick anthology / _cby Thomas Chandler Haliburton ; selected and introduced by Reginald Eyre Watters ; text edited for modern readers by Walter S. Avis. |
| 260 |
_aToronto : _bClarke, Irwin & Company Limited, _c1969. |
||
| 300 |
_axxix, 264 p. ; _c19 cm. |
||
| 490 | 1 |
_aClarke Irwin Canadian paperback ; _vCl-37 |
|
| 651 | 4 |
_aCanada _xVida Social Y Costumbre _xNovela _939724 |
|
| 650 | 4 |
_aNovela humoristica _939725 |
|
| 650 | 4 |
_aHumorismo canadiense _939726 |
|
| 700 | 1 |
_aWatters, Reginald Eyre, _eed. _939727 |
|
| 700 | 1 |
_aAvis, Walter Spencer, _d1919- _eed. _939728 |
|
| 830 | 0 |
_aClarke Irwin Canadian paperback ; _vCl-37 _939729 |
|
| 999 |
_c17861 _d17861 |
||